Statistics for Countries starting and ending with A

Click here to take the quiz!

General Stats

  • This quiz has been taken 35 times
  • The average score is 8 of 9

Answer Stats

Answer% Correct
Australia
97%
Albania
94%
Algeria
88%
Andorra
88%
Armenia
88%
Austria
88%
Angola
84%
Argentina
75%
Antigua and Barbuda
69%

Score Distribution

Percentile by Number Answered

Percent of People with Each Score

Your Score History

You have not taken this quiz